Fundamentals of telecommunications

Salvato in:
Dettagli Bibliografici
Autore principale: Freeman, Roger L (Autore)
Natura: Libro
Lingua:inglese
Pubblicazione: Hoboken John Wiley and Sons 2005
Edizione:2a. ed
Serie:Wiley Series in Telecommunications and Signal Processing
Soggetti:
Tags: Aggiungi Tag
Nessun Tag, puoi essere il primo ad aggiungerne!!

MARC

LEADER 00000cam a2200000 a 4500
001 UCF0388
003 CL-VaPUC
008 120517e20050000US |||||||||||||||||eng|d
020 |a 0471710458 
082 0 4 |a 621.382  |b FRE  |2 21 
100 0 |a Freeman, Roger L  |e author  |9 562166 
245 1 0 |a Fundamentals of telecommunications 
250 |a 2a. ed 
300 |a 675 p 
942 |c BK 
945 |d 20120517 00:00:00  |a cmena 
260 |a Hoboken  |b John Wiley and Sons  |c 2005 
650 0 |a Telecomunicaciones   |9 257195 
650 7 |a TRANSMISION DE ONDAS  |2 CL-VaPUC  |9 460782 
650 7 |a REDES DIGITALES  |2 CL-VaPUC  |9 450667 
650 7 |a GESTION DE REDES  |2 CL-VaPUC  |9 462971 
583 |a last modification  |c 20121105 12:21:08  |k Rodrigo Vera 
490 0 |a Wiley Series in Telecommunications and Signal Processing 
999 |c 347720  |d 347718 
952 |0 0  |1 0  |4 0  |6 621_382000000000000_FRE_2005  |7 0  |8 A  |9 449242  |a BIBING  |b BIBING  |d 2019-11-22  |i 4869664  |o 621.382 FRE 2005  |p 4869664  |r 2025-01-20  |w 2019-11-22  |y BK  |k EIE